Aktuálne pôžičkové programy Medzinárodného menového fondu

Aktuálny prehľad pôžičkových programov MMF členským krajinám. Finančné zdroje MMF.

Na minha lista:
Detalhes bibliográficos
Autor principal: Jakoby, Marek
Formato: Capítulo de Livro
Idioma:eslovaco
Assuntos:
Tags: Adicionar Tag
Sem tags, seja o primeiro a adicionar uma tag!

MARC

LEADER 00000naa$a2200000$$$4500
001 0095100
005 20231116085305.2
041 0 |a slo 
044 |a SK 
245 1 0 |a Aktuálne pôžičkové programy Medzinárodného menového fondu  |c Marek Jakoby 
520 |a Aktuálny prehľad pôžičkových programov MMF členským krajinám. Finančné zdroje MMF. 
610 2 0 |a Medzinárodný menový fond 
610 2 0 |a programy rozvojové 
610 2 0 |a pôžičky 
610 2 0 |a zdroje finančné 
610 2 0 |a spolupráca hospodárska medzinárodná 
100 1 |a Jakoby, Marek